000
00242nam a22000977a 4500
041
_a
ENG
245
_a
A Modern Approach To Verbal Reasoning
260
_a
Delhi
_b
Lucky Draw Coupon
_c
1998
650
_a
Competitive (47)
856
_u
Competitive (47)
999
_c
3068
_d
3068